|
|
|
|
| LEADER |
00000nam0a2200000 4500 |
| 001 |
128209 |
| 005 |
20231101220112.0 |
| 010 |
|
|
|a 9785969704510
|
| 035 |
|
|
|a (RuTPU)RU\TPU\book\138670
|
| 090 |
|
|
|a 128209
|
| 100 |
|
|
|a 20071225d2007 m y0rusy50 ca
|
| 101 |
0 |
|
|a rus
|
| 102 |
|
|
|a RU
|
| 105 |
|
|
|a y z 000zc
|
| 200 |
1 |
|
|a Нет на земле второго Вас...
|e проза, письма, стихи: 1911-1925
|f М. И. Цветаева, С. Я. Эфрон
|
| 210 |
|
|
|a Москва
|c Вагриус
|d 2007
|
| 215 |
|
|
|a 304 с.
|
| 330 |
|
|
|a Название этой книге дала строчка из стихотворения Марины Цветаевой, обращенного к ее мужу Сергею Эфрону. История их отношений неоднозначна и до сих пор вызывает много вопросов, рождает много догадок. В этом сборнике, где их произведения и письма впервые собраны под одним переплетом, им предоставлена возможность самим рассказать друг о друге и о времени, в которое им пришлось жить.
|
| 600 |
|
1 |
|a Цветаева
|g Марина Ивановна
|b М. И.
|f 1892-1941
|c русская поэтесса
|2 stltpush
|3 (RuTPU)RU\TPU\pers\130
|
| 600 |
|
1 |
|a Эфрон
|b С. Я.
|c российский публицичст, литератор
|c муж М. Цветаевой
|f 1893-1941
|g Сергей Яковлевич
|2 stltpush
|3 (RuTPU)RU\TPU\pers\20950
|9 8636
|
| 610 |
1 |
|
|a русская литература
|
| 610 |
1 |
|
|a литературоведение
|
| 610 |
1 |
|
|a история
|
| 610 |
1 |
|
|a 20 век
|
| 610 |
1 |
|
|a поэзия
|
| 610 |
1 |
|
|a письма
|
| 610 |
1 |
|
|a переписка
|
| 675 |
|
|
|a Р2
|v 3
|
| 675 |
|
|
|a 8Р2(092)
|v 3
|
| 700 |
|
1 |
|a Цветаева
|b М. И.
|c русская поэтесса
|f 1892-1941
|g Марина Ивановна
|2 stltpush
|3 (RuTPU)RU\TPU\pers\130
|9 76
|
| 701 |
|
1 |
|a Эфрон
|b С. Я.
|c российский публицичст, литератор
|c муж М. Цветаевой
|f 1893-1941
|g Сергей Яковлевич
|2 stltpush
|3 (RuTPU)RU\TPU\pers\20950
|9 8636
|
| 801 |
|
1 |
|a RU
|b 63413507
|c 20071225
|g PSBO
|
| 801 |
|
2 |
|a RU
|b 63413507
|c 20080121
|g PSBO
|
| 942 |
|
|
|c BK
|